LEADER 04198nas 2200625 n 450 001 990008960920403321 005 20240229084335.0 011 $a0014-4754 035 $a000896092 035 $aFED01000896092 035 $a(Aleph)000896092FED01 035 $a000896092 091 $2CNR$aP 00003256 100 $a20161109b19451996km-y0itaa50------ba 101 0 $aeng 102 $aCH 110 $aauu-------- 200 1 $aExperientia 207 1$a1945-1996 210 $aBasel$cBirkhauser 421 0$1001000896093$12001$aExperientia. Supplementum 440 0$1001000894192$12001$aCMLS. Cellular and molecular life sciences 530 0 $aExperientia 675 $a53 675 $a576 676 $a505 801 0$aIT$bACNP$c20090723 859 4 $uhttp://acnp.cib.unibo.it/cgi-ser/start/it/cnr/dc-p1.tcl?catno=1589&person=false&language=ITALIANO&libr=&libr_th=unina1$zBiblioteche che possiedono il periodico 901 $aSE 912 $a990008960920403321 958 $aBiblioteca. Dipartimento di Chimica. Complesso Universitario di Monte S. Angelo.$b1966-1978;$fDCH 958 $aBiblioteca Centrale. Facoltà di Farmacia. Polo delle Scienze e delle Tecnologie per la Vita. Università "Federico II" Napoli$b1977-1996.$d33(1977)-52(1996).$fFFABC 958 $aBiblioteca Centralizzata. Facoltà di Agraria dell'Università Federico II di Napoli$b1971-1985;1993-1996.$c1973;1982;1985;$fFAGBC 958 $aBiblioteca. Dipartimento di Strutture, Funzioni e Tecnologie Biologiche dell'Università Federico II$b1969-1996.$fDMVSF 958 $aBiblioteca Centrale "F. Gasparini". Facoltà di Ingegneria. Università degli Studi di Napoli "Federico II"$b1945-1955;$edIIIe9$fFINBC FINAG 958 $aBiblioteca Interdipartimentale " G.Quagliariello " Dipartimento di biochimica e Biotecnologie mediche e Dipartimento di Biologia e Patologia cellulare e molecolare. Facoltà di Medicina e Chirurgia. Università degli Studi di Napoli "Federico II"$b1974-1996.$fDMBBM 958 $aBiblioteca. Dipartimento Scienze Biologiche. Sezione di Genetica Biologia Generale e Molecolare. Università degli Studi Federico II$b1960-1996.$c1971;1982;1983;1995;$fDGBM 959 $aDCH 959 $aFFABC 959 $aFAGBC 959 $aDMVSF 959 $aFINBC 959 $aFINAG 959 $aDMBBM 959 $aDGBM 996 $aExperientia$9795158 997 $aUNINA AP1 8 $6866-01$aNA007 Biblioteca. Dipartimento di Chimica. Complesso Universitario di Monte S. Angelo.$evia Cinthia 4, 80126 Napoli (NA)$m081674497-081674488$m081674090$nit AP1 8 $6866-02$aNA074 Biblioteca Centrale. Facoltà di Farmacia. Polo delle Scienze e delle Tecnologie per la Vita. Università "Federico II" Napoli$evia D. Montesano, 49, 80131 Napoli (NA)$m(081)678201/202/204$m(081) 678139$nit AP1 8 $6866-03$aNA087 Biblioteca Centralizzata. Facoltà di Agraria dell'Università Federico II di Napoli$ev. Università, 100 Palazzo Reale, 80055 Portici (NA)$m081-2539322$m081-7760229$nit AP1 8 $6866-04$aNA090 Biblioteca. Dipartimento di Strutture, Funzioni e Tecnologie Biologiche dell'Università Federico II$ev. Delpino,1, Napoli (NA)$m(081) 440120$nit AP1 8 $6866-05$aNA104 Biblioteca Centrale "F. Gasparini". Facoltà di Ingegneria. Università degli Studi di Napoli "Federico II"$bdIIIe9$ep.le Tecchio,80, 80125 Napoli (NA)$m0817682190;0817682195$m0817682188$nit AP1 8 $6866-06$aNA175 Biblioteca Interdipartimentale " G.Quagliariello " Dipartimento di biochimica e Biotecnologie mediche e Dipartimento di Biologia e Patologia cellulare e molecolare. Facoltà di Medicina e Chirurgia. Università degli Studi di Napoli "Federico II"$eVia Pansini, 5, 80131 Napoli (NA)$m(081) 7463014$m(081) 7463652$nit AP1 8 $6866-07$aNA186 Biblioteca. Dipartimento Scienze Biologiche. Sezione di Genetica Biologia Generale e Molecolare. Università degli Studi Federico II$ev. Mezzocannone,8, Napoli (NA)$m(081) 2534610$m(081) 2535032$nit AP2 40$aacnp.cib.unibo.it$nACNP Italian Union Catalogue of Serials$uhttp://acnp.cib.unibo.it/cgi-ser/start/it/cnr/df-p.tcl?catno=1589&language=ITALIANO&libr=&person=&B=1&libr_th=unina&proposto=NO LEADER 02963nas 2200997-a 450 001 996492072103316 005 20240307183014.0 011 $a1549-4918 035 $a(OCoLC)46598022 035 $a(CKB)954925601690 035 $a(CONSER)--2004212227 035 $a(DE-599)ZDB2030643-X 035 $a(EXLCZ)99954925601690 100 $a20010326a19939999 s-- a 101 0 $aeng 135 $aurcn||||||||| 181 $ctxt$2rdacontent 182 $cc$2rdamedia 183 $acr$2rdacarrier 200 10$aStem cells 210 $aDayton, Ohio $cAlphaMed Press 210 2 $a[Hoboken, NJ] $cWiley-Blackwell 210 3 $aOxford ;$aCary, NC $cOxford University Press 300 $aRefereed/Peer-reviewed 311 $a1066-5099 531 $aSTEM CELLS (MIAMISBURG) 531 0 $aStem cells 606 $aCloning$vPeriodicals 606 $aClone cells$vPeriodicals 606 $aStem cells$vPeriodicals 606 $aCell differentiation 606 $aClone cells 606 $aHematopoietic stem cells 606 $aStem cells 606 $aCell Differentiation 606 $aCell Division 606 $aClone Cells 606 $aHematopoietic Stem Cells 606 $aStem Cells 606 $aClonage$vPériodiques 606 $aClones cellulaires$vPériodiques 606 $aCellules souches$vPériodiques 606 $aCellules$xDifférenciation 606 $aClones cellulaires 606 $aCellules souches hématopoïétiques 606 $aCellules souches 606 $aCélulas madre$vPublicaciones periódicas$2csicau 606 $aHematopoietic stem cells$2fast$3(OCoLC)fst00954931 606 $aCell differentiation$2fast$3(OCoLC)fst00850182 606 $aClone cells$2fast$3(OCoLC)fst00864572 606 $aCloning$2fast$3(OCoLC)fst00864579 606 $aStem cells$2fast$3(OCoLC)fst01132975 608 $aPeriodical 608 $aPeriodicals.$2fast 608 $aPeriodicals.$2lcgft 608 $aPériodiques.$2rvmgf 615 0$aCloning 615 0$aClone cells 615 0$aStem cells 615 0$aCell differentiation. 615 0$aClone cells. 615 0$aHematopoietic stem cells. 615 0$aStem cells. 615 2$aCell Differentiation 615 2$aCell Division 615 2$aClone Cells 615 2$aHematopoietic Stem Cells 615 2$aStem Cells 615 6$aClonage 615 6$aClones cellulaires 615 6$aCellules souches 615 6$aCellules$xDifférenciation. 615 6$aClones cellulaires. 615 6$aCellules souches hématopoïétiques. 615 6$aCellules souches. 615 7$aCélulas madre 615 7$aHematopoietic stem cells. 615 7$aCell differentiation. 615 7$aClone cells. 615 7$aCloning. 615 7$aStem cells. 676 $a616.02774 906 $aJOURNAL 912 $a996492072103316 996 $aStem cells$9786361 997 $aUNISA